000 00599nam a2200217Ia 4500
003 OSt
005 20220928101739.0
006 a|||||r|||| 00| 0
007 ta
008 220927b |||||||| |||| 00| 0 eng d
024 _a64820
037 _cReports / Technical Reports
040 _aSDCL
_cSDCL
_beng
041 _2eng
_aeng
082 _aX655.2'P02t, P3 RR
245 0 _aReport of the steering group on foreign direct investment
260 _c2003
300 _a120p.
_ccm.
942 _hX655.2'P02t, P3 RR
_cREP
_2CC
999 _c710289
_d710289